[Event "18th Aeroflot Open-A 2020"]
[Site "Moscow"]
[Date "2020.02.25"]
[Round "7.24"]
[White "Frolyanov, Dmitry"]
[Black "Martirosyan, Haik M."]
[Result "1/2-1/2"]
[WhiteElo "2556"]
[BlackElo "2630"]
[Annotator "TA"]
[PlyCount "81"]
[EventDate "2020.02.19"]
[EventType "swiss"]
[EventCountry "RUS"]
[SourceTitle "playchess.com"]
[Source "ChessBase"]
[SourceQuality "1"]

{[%evp 15,81,-8,20,20,23,19,20,14,20,19,25,31,18,0,1,0,0,0,0,-12,-18,-11,5,0,0,-32,0,0,0,0,0,0,9,0,0,0,0,0,0,0,46,53,12,0,0,0,0,0,0,0,0,0,0,0,0,0,0,0,0,0,0,0,0,0,0,0,0,0]} 1. e4 e6 2. d4 d5 3. Nc3 Bb4 4. e5 c5 5. a3 Ba5 6. Qg4 Ne7 7. dxc5 Bxc3+ 8. bxc3 O-O 9. Bd3 {C18: French: 3 Nc3 Bb4: Main line: 7 h4 and 7 Qg4.} Nd7 10. Nf3 {[#] And now Bxh7+! would win.} Nf5 11. O-O Nxc5 12. a4 b6 {[#]} 13. Ba3 $146 ({Predecessor:} 13. Nd4 Qc7 14. Bxf5 exf5 15. Qf4 Ba6 16. Re1 Ne6 17. Qg3 Nxd4 18. cxd4 Qc6 19. a5 {½-½ (37) Leko,P (2730)-Grischuk,A (2783) Beijing 2013}) 13... Re8 14. Bxc5 bxc5 15. c4 dxc4 16. Qxc4 Bb7 17. Be4 Bxe4 18. Qxe4 Qd5 19. Rfe1 Rab8 20. Rad1 Qxe4 21. Rxe4 Red8 22. Rxd8+ Rxd8 $11 {[%mdl 4096] Endgame KRN-KRN} 23. Kf1 Kf8 24. Rc4 Rd5 25. Rc3 h6 26. Rb3 g5 27. Rb7 Nd4 28. c4 Rd8 29. Rxa7 {The position is equal.} Nxf3 30. gxf3 {KR-KR} Rd4 31. a5 {[%cal Ba4a5,Ba5a6,Ba6a7][%mdl 32]} Rxc4 32. Rc7 Rc2 33. a6 Kg7 34. a7 Ra2 35. Ke1 c4 36. Kd1 c3 37. Kc1 c2 38. Kd2 Kg6 39. Re7 h5 40. h3 h4 41. Rc7 {Accuracy: White = 100%, Black = 93%.} 1/2-1/2

[Event "18th Aeroflot Open-A 2020"]
[Site "Moscow"]
[Date "2020.02.25"]
[Round "7.25"]
[White "Moroni, Luca Jr"]
[Black "Durarbayli, Vasif"]
[Result "0-1"]
[WhiteElo "2536"]
[BlackElo "2625"]
[Annotator "TA"]
[PlyCount "102"]
[EventDate "2020.02.19"]
[EventType "swiss"]
[EventCountry "RUS"]
[SourceTitle "playchess.com"]
[Source "ChessBase"]
[SourceQuality "1"]

{[%evp 13,102,14,0,-7,10,0,0,-16,-10,-6,0,0,7,-17,-16,-29,-11,-6,-12,-9,-23,-27,-26,-23,-25,-77,-34,-37,0,0,0,0,0,-3,0,0,0,-73,-70,-118,-110,-111,-113,-115,-79,-76,-84,-94,0,0,0,0,0,-8,-8,-8,-8,-8,-8,-8,-8,-8,-8,-8,-8,-8,-8,-8,-8,-8,-8,-8,-8,-8,0,-1102,-770,-10316,-8,-10309,-10309,-8364,-8289,-6788,-6079,-29949,-29949,-29956,-29957,-5114,-5069]} 1. d4 d5 2. c4 c6 3. Nf3 Nf6 4. Nc3 e6 5. Qd3 dxc4 6. Qxc4 b5 7. Qd3 a6 8. e4 {D43: Semi-Slav: 5 Bg5 h6.} c5 9. e5 c4 10. Qc2 {The position is equal.} Nd5 11. a4 {[#]} Nxc3 $146 ({Predecessor:} 11... Bb7 12. axb5 Nxc3 13. bxc3 axb5 14. Rxa8 Bxa8 15. Be2 Be7 16. O-O O-O 17. Nd2 Bd5 {1-0 (81) Nabaty,T (2582)-Umanec,F (2303) Pardubice 2012}) 12. bxc3 Bb7 13. Qb1 Qd5 14. Be2 Be7 15. Ba3 Nc6 16. Bxe7 Nxe7 17. axb5 axb5 18. Rxa8+ Bxa8 19. Nd2 (19. Qb2 $11 {remains equal.}) 19... Qd7 (19... O-O $5 {[%cal Rd5g2]} 20. Bf3 Qd7 $11) 20. O-O h6 (20... O-O {is interesting.} 21. Rc1 Rc8 22. Qb2 h6 23. g3 Bc6) 21. Ne4 {Nd6+ is the strong threat.} Bxe4 22. Qxe4 O-O 23. Bf3 Rb8 24. Rb1 Qa7 25. Qe2 {[#]} (25. g3 $11 {keeps the balance.}) 25... b4 $1 $17 26. Qxc4 bxc3 27. Rxb8+ Qxb8 28. Be4 Qb2 29. g3 g6 {And now ...Qd2 would win.} 30. Kg2 Nf5 (30... Qd2 $17 {White must now prevent ...Nf5.} 31. Qc5 Qe1) 31. Qc8+ $11 Kg7 {( -> ...Ne3+)} 32. Qd8 $1 Qb4 33. Qf6+ Kg8 34. Qd8+ Kh7 35. Qf6 $1 {[%cal Rf6f7]} Qe7 36. Qxe7 Nxe7 {[%mdl 4096] Endgame KB-KN} 37. Kf3 $132 {[%mdl 2048] White is not keeping still} Nc6 {Threatens to win with ...c2.} 38. Ke3 Nb4 39. h4 h5 40. f3 Kg7 41. g4 g5 42. hxg5 h4 {Hoping for ...h3.} (42... c2 $5 43. Kd2 $8 h4 $11) 43. f4 Nd5+ 44. Kf3 $2 {[%mdl 8192]} (44. Kd3 $11) 44... h3 $19 45. f5 h2 $2 (45... c2 $1 $19 {[%cal Rc2c1]} 46. Bxc2 h2) 46. Kg2 $2 {[%mdl 8192] White does not recover from this.} (46. Ke2 $11) 46... c2 47. Bxc2 Ne3+ {[%mdl 64] [#] Double Attack} 48. Kxh2 Nxc2 49. d5 exd5 50. Kg3 Nd4 51. Kf4 Nc6 {Accuracy: White = 73%, Black = 82%.} 0-1

[Event "18th Aeroflot Open-A 2020"]
[Site "Moscow"]
[Date "2020.02.25"]
[Round "7.26"]
[White "Chigaev, Maksim"]
[Black "Krishna C R G"]
[Result "1/2-1/2"]
[WhiteElo "2616"]
[BlackElo "2443"]
[Annotator "TA"]
[PlyCount "77"]
[EventDate "2020.02.19"]
[EventType "swiss"]
[EventCountry "RUS"]
[SourceTitle "playchess.com"]
[Source "ChessBase"]
[SourceQuality "1"]

{[%evp 13,77,14,15,0,0,0,37,17,78,0,9,0,21,18,27,35,29,25,20,6,10,10,10,0,0,0,0,0,0,0,0,0,0,-2,0,0,0,0,0,-22,-19,-32,-16,-32,-22,-16,-20,-37,-37,-29,-35,-26,-4,-4,-4,-4,-4,-4,-6,-8,0,0,0,0,0,0]} 1. e4 e6 2. d4 d5 3. Nd2 Nf6 4. e5 Nfd7 5. c3 c5 6. f4 Nc6 7. Ngf3 a5 8. a4 {C05: French Tarrasch: 3...Nf6 4 e5 Nfd7, 5 f4 and 5 Bd3 sidelines.} cxd4 9. cxd4 Qb6 10. Nb3 {White is slightly better.} f6 (10... Bb4+ $11 11. Kf2 f6) 11. Bd3 (11. Bd2 $16) 11... Bb4+ 12. Ke2 Be7 13. Be3 Nb4 14. Bb5 O-O {[#]} 15. Kf2 $146 ({Predecessor:} 15. Nc1 Nb8 16. Kf2 Bd7 17. Be2 N8c6 18. Nb3 Be8 19. exf6 Rxf6 20. Qd2 Bg6 21. Rhc1 {1-0 (36) Hauge,L (2322)-Hjelmaas,L (2302) Oslo 2014}) 15... Qd8 16. Re1 Nb6 17. exf6 Bxf6 18. Nc5 Nc4 19. b3 b6 20. Nd3 Nxd3+ 21. Qxd3 Nd6 $1 22. Kg1 Nxb5 23. Qxb5 Ba6 24. Qc6 Re8 {[#] ...Rc8 is the strong threat.} 25. Qc2 Rc8 26. Qb2 Bd3 {Threatens to win with ...Rc2.} 27. Rac1 Be4 28. Ne5 h6 29. h3 Qe7 30. Kh2 Qb7 31. b4 axb4 32. Qxb4 Bxe5 (32... Bh4 {looks sharper.} 33. Rxc8 Rxc8 34. Re2 Be7 35. Qb5 Qc7) 33. dxe5 {The position is equal.} d4 34. Qxd4 Bxg2 {[#] Strongly threatening ...Qf3.} 35. Rg1 $132 {[%mdl 2048] White is not keeping still} Rxc1 36. Bxc1 Be4 37. f5 $1 Bxf5 {Hoping for ...Kh7.} 38. Bxh6 $1 Re7 ({But not} 38... Qf3 $2 39. Rxg7+ Kh8 40. Qh4 $18 (40. Rg3 Qe4 $16)) 39. Bxg7 {Accuracy: White = 96%, Black = 91%.} 1/2-1/2

[Event "18th Aeroflot Open-A 2020"]
[Site "Moscow"]
[Date "2020.02.25"]
[Round "7.27"]
[White "Sindarov, Javokhir"]
[Black "Praggnanandhaa R"]
[Result "1/2-1/2"]
[WhiteElo "2537"]
[BlackElo "2602"]
[Annotator "TA"]
[PlyCount "76"]
[EventDate "2020.02.19"]
[EventType "swiss"]
[EventCountry "RUS"]
[SourceTitle "playchess.com"]
[Source "ChessBase"]
[SourceQuality "1"]

{[%evp 20,76,27,7,2,0,13,16,8,0,0,0,12,0,5,0,0,-45,-28,-40,-33,-35,-30,-47,-59,-49,0,0,0,0,0,0,0,0,0,0,0,0,0,0,0,0,0,0,176,169,223,-504,-500,-432,-404,-337,0,0,0,0,0,0,0]} 1. e4 c5 2. Nc3 Nc6 3. Nge2 Nf6 4. d4 cxd4 5. Nxd4 e5 6. Ndb5 d6 7. Bg5 a6 8. Na3 b5 9. Nd5 Be7 10. Bxf6 Bxf6 11. c4 b4 {B33: Sicilian: Pelikan and Sveshnikov Variations.} 12. Nc2 O-O 13. g3 a5 {[%cal Ba6a5,Ba5a4][%mdl 32]} 14. h4 Be6 15. Bh3 g6 16. Kf1 h5 {[#]} 17. Nxf6+ $146 ({Predecessor:} 17. Kg2 Bg7 18. Qd3 Ra7 19. b3 Qd7 20. Rad1 Qb7 21. Nde3 a4 22. Rhe1 Ra6 23. Nd5 {½-½ (36) Podvoysky,E (2269)-Sergeev,V (2419) ICCF email 2010}) 17... Qxf6 18. b3 a4 19. Kg2 $1 Nd4 20. Nxd4 exd4 21. Rc1 axb3 22. axb3 Ra2 {[%csl Ga2][%cal Rf6f2]} 23. Rc2 Rfa8 24. Bxe6 fxe6 25. Rf1 e5 26. Rxa2 Rxa2 $11 {[%mdl 4096] Endgame KQR-KQR} 27. Qe1 g5 28. hxg5 Qxg5 {aiming for ...h4.} 29. Qxb4 h4 30. Qb8+ Kh7 31. Qc7+ Kh6 $2 (31... Kg8 $11 {and Black has nothing to worry.}) 32. Qxd6+ $18 Kh5 (32... Kh7 {keeps fighting.} 33. Qd7+ Kg6) 33. Kg1 $4 {[%mdl 8192]} (33. Kh1 $1 $18 {was the only winning move. Threatens to win with g4+!} Ra7 34. g4+ $1 {[%mdl 576] Deflection} Qxg4 35. Qxe5+ Kh6 36. Qh8+ Rh7 37. Qf6+ Qg6 38. Qxd4) 33... hxg3 $19 34. f4 exf4 35. Qxd4 {[#]} Re2 $2 (35... Ra8 $1 $19 36. b4 Rd8) 36. Qh8+ $11 {The position is equal.} Kg4 {( -> ...Qc5+)} 37. Qc8+ Kh4 {White must now prevent ...Qf6.} 38. Qh8+ Kg4 {Accuracy: White = 82%, Black = 80%.} 1/2-1/2

[Event "18th Aeroflot Open-A 2020"]
[Site "Moscow"]
[Date "2020.02.25"]
[Round "7.28"]
[White "Sadhwani, Raunak"]
[Black "Basso, Pier Luigi"]
[Result "1-0"]
[WhiteElo "2522"]
[BlackElo "2600"]
[Annotator "TA"]
[PlyCount "153"]
[EventDate "2020.02.19"]
[EventType "swiss"]
[EventCountry "RUS"]
[SourceTitle "playchess.com"]
[Source "ChessBase"]
[SourceQuality "1"]

{[%evp 9,153,-13,10,-9,-5,-12,-10,-36,-47,-35,-42,-55,-59,-58,-14,-79,-63,-110,-115,-143,-91,-121,-111,-171,-121,-152,-168,-185,-168,-164,-152,-199,-204,-241,-229,-239,-130,-250,-241,-242,-241,-236,-235,-283,-281,-321,0,0,0,0,33,16,44,123,189,49,111,59,52,41,41,-14,-17,-25,18,18,67,67,67,83,82,29,25,21,28,23,56,42,56,56,56,56,47,8,8,8,8,8,8,8,25,8,8,8,8,8,8,8,80,8,8,8,8,8,8,8,85,85,220,75,77,79,79,91,139,139,147,140,29959,29961,29967,29959,29967,29968,29969,29970,29970,0,0,0,29970,29971,29972,29973,29973,29974,29974,29975,29977,29978,29978,29979,29981,29982,29982,29983]} 1. f4 d5 2. Nf3 g6 3. g3 Bg7 4. Bg2 Nh6 5. O-O Nf5 6. e3 {A03: Bird's Opening with 1...d5.} c6 {[#]} 7. Qe1 $146 ({Predecessor:} 7. d4 Nd7 8. Ne5 Nf6 9. b3 O-O 10. c4 dxc4 11. bxc4 c5 12. g4 Nh4 13. Bh1 cxd4 14. exd4 Nxg4 {0-1 (34) Mrsevic,M (2315)-Popovic,M (2396) Sombor 2009}) 7... h5 8. d3 {The position is equal.} h4 9. g4 h3 10. Bh1 Nh6 $36 {[%mdl 2048] Black has good play.} 11. g5 Nf5 12. d4 (12. Nc3 $11 {keeps the balance.}) 12... Nd6 13. Nbd2 Bf5 14. Qd1 f6 (14... Na6 $142 15. Ne1 f6) 15. b3 Na6 {[%cal Bb8a6,Ba6c5,Bc5e4][%mdl 32]} 16. a3 (16. Ba3 $17) 16... Nf7 17. Re1 fxg5 18. Nf1 gxf4 19. exf4 {[#]} Nc5 $1 {[%mdl 512]} 20. Ng3 (20. dxc5 Bxa1) 20... Ne4 21. Nxe4 dxe4 (21... Bxe4 22. Ne5 $17) 22. Ne5 c5 (22... Rh4 $19 {Threatens to win with ...g5!} 23. Be3 g5 $1 {[%mdl 512]} 24. Nxf7 Kxf7 25. fxg5 Rg4+ 26. Kf1 e5 27. dxe5 Bxe5) 23. Bb2 (23. Bxe4 $17 {was worth a try.} Nxe5 24. fxe5) 23... Rh4 $19 24. Bxe4 Bxe4 25. Rxe4 Qd5 26. Qe2 Bxe5 $1 27. c4 {[#]} Qc6 $2 ({Weaker is} 27... Bxd4+ 28. Bxd4 Qd6 29. Bf2 $15) ({Black should try} 27... Rg4+ $1 $19 {[%mdl 512]} 28. Kh1 (28. Qxg4 Qxe4) 28... Qe6) 28. d5 $11 Qf6 $1 29. Bxe5 Qf5 30. Bc3 Kf8 {Strongly threatening ...Rg4+.} 31. Kh1 Rg4 (31... b5 $16) 32. Rg1 (32. Rxe7 $18 {Hoping for Re1.} Rxf4 33. Re1 (33. Rxb7 $2 Re8 $19)) 32... Rxg1+ $14 33. Kxg1 Re8 34. Re3 b5 35. Be5 (35. cxb5 $14 Qxf4 36. Rxh3) 35... bxc4 $11 36. bxc4 Kg8 37. Qd3 Nxe5 38. Qxf5 Nf3+ 39. Rxf3 gxf5 40. Rxh3 $14 {[%mdl 4096] Endgame KR-KR} ({White should play} 40. Rg3+ $16 Kf7 41. Rxh3) 40... Rb8 $1 $11 41. Re3 Kf7 42. Re5 Rb1+ 43. Kf2 Rc1 44. Rxf5+ Kg6 45. Re5 Rxc4 46. Rxe7 Rxf4+ 47. Ke3 Rd4 48. Rxa7 Rxd5 49. Ra4 Rd1 50. h4 Kf5 51. Rc4 Rh1 52. a4 {[%cal Ba3a4,Ba4a5,Ba5a6,Ba6a7][%mdl 32]} Ke6 53. a5 {And now Ra4 would win.} Kd7 $1 54. Ra4 ({Don't play} 54. Rxc5 Rxh4 55. Rg5 Kc6 $11) (54. Rg4 $16) 54... Kc7 55. a6 {a7 is the strong threat.} Kb8 56. a7+ Ka8 57. Kf3 Rc1 (57... Re1 $1 $11) 58. Ke4 $1 $16 Rd1 (58... Rf1 $16 {was called for.} 59. Rc4 Kxa7) 59. Ke5 (59. Rc4 $1 $18 {is the precise move to win.}) 59... Rd8 60. Rc4 $1 {[%cal Rc4c5]} Rh8 {[#]} 61. Kd6 $1 Rh5 62. Ra4 Rf5 {[#]} 63. Kc6 $1 c4 $2 {[%mdl 8192]} (63... Re5 $16 64. Kd7 Rd5+ 65. Kc7 Re5) 64. Rxc4 Kxa7 65. Rb4 Re5 66. Rb5 Re1 67. h5 Ka6 68. Rb6+ $2 (68. Rf5 {mates} Rh1 69. Kd6 Re1 70. Re5 Rf1 71. Ke6 Kb7 72. Rf5 Rh1 73. Kf7) 68... Ka5 $11 {( -> ...Re6+)} 69. Rb5+ $2 {[%mdl 8192]} (69. Rb2 $11 Rc1+ 70. Kd5) 69... Ka6 $1 70. Rg5 {White mates.} Rc1+ 71. Kd7 Kb7 72. h6 Rc7+ 73. Ke8 Kc6 74. Rh5 Rh7 75. Kf8 Kd6 76. Kg8 Re7 77. h7 {Quite a comeback for White. Accuracy: White = 67%, Black = 71%.} 1-0

[Event "18th Aeroflot Open-A 2020"]
[Site "Moscow"]
[Date "2020.02.25"]
[Round "7.29"]
[White "Puranik, Abhimanyu"]
[Black "Zanan, Evgeny"]
[Result "1/2-1/2"]
[WhiteElo "2597"]
[BlackElo "2500"]
[Annotator "TA"]
[PlyCount "90"]
[EventDate "2020.02.19"]
[EventType "swiss"]
[EventCountry "RUS"]
[SourceTitle "playchess.com"]
[Source "ChessBase"]
[SourceQuality "1"]

{[%evp 12,90,14,23,36,12,14,18,31,11,44,41,31,37,41,28,48,35,47,40,75,0,0,0,0,0,0,-8,-4,-57,0,-367,-355,-368,-368,-647,-646,-616,-619,-612,-572,-562,-522,-459,-204,-196,-200,-197,-191,-216,-227,-212,-84,-270,-263,-400,-363,-391,-280,-291,-292,-282,-277,-243,-201,-181,-135,-162,-164,-182,-182,-175,-129,-112,-68,-68,-68,-68,-68,-68,-69]} 1. e4 c5 2. Nf3 d6 3. d4 cxd4 4. Nxd4 Nf6 5. Nc3 a6 6. h3 e6 7. g4 Nfd7 {B81: Sicilian Scheveningen: Keres Attack.} 8. Be3 b5 9. a3 Bb7 {The position is equal.} 10. g5 Be7 11. h4 Nc6 12. Qd2 Rc8 13. Nxc6 Rxc6 {13...Bxc6 might become the main line.} 14. O-O-O O-O 15. Kb1 {[#]} Qc7 $146 {[#]} ({Predecessor:} 15... Ne5 16. Rh3 Nc4 17. Qe1 Nxe3 18. Rxe3 Qc8 19. f4 Bd8 20. f5 Ba5 21. b4 Bb6 {1-0 (38) Nepomniachtchi,I (2703)-Grischuk,A (2752) Sochi 2016}) 16. f3 ({Better is} 16. Bd4 $1 $16) 16... Ne5 $11 17. Rh3 Rc8 18. h5 Nc4 19. Bxc4 $1 Rxc4 20. g6 (20. h6 $11 g6 21. Rh2) 20... Bf6 ({Black should play} 20... b4 $1 $15 21. axb4 Rxb4) 21. Qxd6 $2 {[%mdl 8192] [#]} (21. gxf7+ $11 {and White is okay.} Kxf7 22. h6) 21... Rxc3 $1 $19 {[%mdl 64] Double Attack} 22. gxf7+ Kxf7 23. bxc3 $2 (23. Qxc7+ R3xc7 24. Rh2) 23... Qxc3 {[%csl Gc8][%cal Rc3c2][%mdl 64] Double Attack} 24. Qd7+ {[#]} Kg8 $1 {[%csl Gc8][%cal Rc3c2][%mdl 512]} 25. Qxe6+ {[#]} Kh8 $1 {[%csl Gc8][%cal Rc3c2][%mdl 512]} 26. Qa2 Qxe3 27. Qb3 Qxb3+ (27... Qc5 $142 {...Qe5 is the strong threat.} 28. h6 g5) 28. cxb3 h6 29. Rd7 Bc6 30. Ra7 {[#]} b4 $1 {[%mdl 512]} 31. a4 (31. axb4 Bd4) 31... Be8 (31... Kh7 $19 {has better winning chances.} 32. Rg3 Be5) 32. Rh1 $2 (32. f4 $17 {is a better defense.}) 32... Bc3 33. Rh2 (33. f4 {keeps fighting.}) 33... Kg8 34. f4 Bc6 35. Re2 Re8 36. e5 Bf3 37. Re3 Bd4 38. Rxg7+ Kxg7 39. Rxf3 {[%mdl 4096] Endgame KRB-KR} Rf8 40. Kc2 Kh7 41. e6 Kg7 42. Kd3 Bc3 {Strongly threatening ...Rf5.} 43. Rg3+ $1 {Black is slightly better.} Kf6 44. Rg6+ $1 Ke7 {Threatens to win with ...Rf5.} 45. Ke4 Rf6 $1 {Accuracy: White = 69%, Black = 71%.} 1/2-1/2

[Event "18th Aeroflot Open-A 2020"]
[Site "Moscow"]
[Date "2020.02.25"]
[Round "7.30"]
[White "Sargsyan, Shant"]
[Black "Pranesh M"]
[Result "1-0"]
[WhiteElo "2594"]
[BlackElo "2425"]
[Annotator "TA"]
[PlyCount "79"]
[EventDate "2020.02.19"]
[EventType "swiss"]
[EventCountry "RUS"]
[SourceTitle "playchess.com"]
[Source "ChessBase"]
[SourceQuality "1"]

{[%evp 14,78,40,23,28,25,28,35,32,22,12,10,18,12,16,6,22,22,37,39,39,41,79,104,104,62,72,68,74,81,130,135,145,140,129,105,122,124,230,230,250,195,285,251,465,456,633,635,626,619,660,668,661,454,972,820,801,792,789,774,757,747,866,860,4918,1231,29999]} 1. e4 e5 2. Nf3 Nc6 3. Bc4 Nf6 4. Ng5 d5 5. exd5 Na5 6. Bb5+ c6 7. dxc6 bxc6 8. Bd3 Nd5 {C58: Two Knights: 4 Ng5 d5 5 exd5 Na5 sidelines.} 9. Nf3 Bd6 10. O-O Nf4 {White is slightly better.} 11. Nc3 Nxd3 12. cxd3 O-O 13. b3 $5 {[%mdl 4] Exploring less charted territory.} Re8 14. Re1 c5 15. Ba3 {[#]} Nb7 $146 ({Predecessor:} 15... Ba6 16. Qc2 Rc8 17. Ne4 Bf8 18. Nxc5 Qd5 19. Rac1 Bxc5 20. Bxc5 Bxd3 21. Qc3 Nc6 {½-½ (68) Varga,Z (2460)-Pacher,M (2471) Heviz 2015}) 16. Rc1 Qa5 17. Bb2 Bg4 18. h3 Bh5 19. Ne4 f6 $1 20. Bc3 $36 {[%mdl 2048] White fights for an advantage.} Qa6 21. g4 (21. Nxd6 Nxd6 22. b4 cxb4 $15) 21... Bf7 22. g5 Be7 23. gxf6 Bxf6 24. Nxf6+ gxf6 25. Nh4 Kh8 {[#]} (25... Rad8 $16) 26. f4 $1 $18 {[%mdl 512]} Rad8 (26... exf4 $2 27. Qf3 $18) 27. Re3 {[%cal Rf4e5]} Rg8+ (27... Rxd3 {might work better.} 28. Qf1 e4) 28. Kf2 Nd6 $2 ({But not} 28... exf4 29. Re7 $18) (28... Rxd3 29. Rxd3 Qxd3) 29. fxe5 {aiming for e6.} Nb5 30. e6 Nxc3 31. Qf3 Nd5 32. exf7 Rgf8 33. Rg1 {White wants to mate with Qg2!} f5 {[#]} ({Much worse is} 33... Nxe3 {[#]} 34. Qh5 $1 {[%mdl 512]}) (33... Qb7 $142 34. Qh5 Qxf7 35. Ng6+ Qxg6 {[%mdl 64] Decoy} 36. Rxg6 Nf4) 34. Qxd5 $3 {[%mdl 512] Intending Qe5+ and mate.} Qf6 (34... Rxd5 35. Re8) 35. Qe5 {[%cal Re5f6]} Rxf7 36. Qxf6+ Rxf6 37. Nf3 f4 38. Re7 a6 39. Rgg7 Rg8 40. Rxh7# {Accuracy: White = 85%, Black = 59%.} 1-0

[Event "18th Aeroflot Open-A 2020"]
[Site "Moscow"]
[Date "2020.02.25"]
[Round "7.31"]
[White "Aditya Mittal"]
[Black "Wagner, Dennis"]
[Result "1/2-1/2"]
[WhiteElo "2427"]
[BlackElo "2590"]
[Annotator "TA"]
[PlyCount "109"]
[EventDate "2020.02.19"]
[EventType "swiss"]
[EventCountry "RUS"]
[SourceTitle "playchess.com"]
[Source "ChessBase"]
[SourceQuality "1"]

{[%evp 9,109,-6,0,1,4,0,0,0,0,0,6,23,17,10,27,0,0,-4,-9,-20,-16,-16,0,0,-11,-29,-29,-29,-29,-27,-29,-33,-7,-11,0,-39,-35,-25,-39,-32,-35,-33,-29,-36,-36,-36,-36,-37,-37,-37,-37,-38,-41,-41,-41,-41,-37,-44,-35,-36,-30,-34,-25,-28,-27,-33,-9,-14,-9,-38,-34,-36,-36,-38,-32,-38,-38,-40,-22,-42,-42,-42,-42,-42,-42,-42,-42,-42,-42,-49,-49,-49,-49,-49,-42,-42,-30,-41,-29,-29,-29,-49]} 1. d4 Nf6 2. c4 e6 3. Nc3 Bb4 4. f3 c5 5. d5 b5 6. e4 {E20: Nimzo-Indian: 4 g3 and 4 f3.} d6 {6...0-0 is the recent fashion. Played by Magnus Carlsen in October 2019.} 7. Bd3 O-O 8. Nge2 {The position is equal.} bxc4 9. Bxc4 exd5 10. Bxd5 Nxd5 11. Qxd5 Be6 12. Qd1 d5 13. exd5 Bxd5 {[#]} 14. a3 $146 ({Predecessor:} 14. Kf2 Bc6 15. Bf4 Nd7 16. Nd5 Ba5 17. Rc1 Re8 18. Ne3 Qf6 19. Rc2 Bb6 20. Qc1 c4 21. Kf1 Bxf3 {0-1 (21) Nechaeva,M (2374)-Kotsur,P (2528) Cheliabinsk 2019}) 14... Bxc3+ 15. Nxc3 Qh4+ 16. g3 Qe7+ 17. Qe2 Be6 18. O-O Nc6 19. Be3 Rfe8 20. Qf2 c4 {With the idea ...Ne5.} 21. Bf4 Rad8 22. Rad1 Rd3 23. Ne4 Red8 24. Rxd3 cxd3 25. Qc5 Qb7 26. Nd6 Qxb2 27. Qxc6 {[#] Hoping for Qc7.} Bh3 {[%csl Gh3][%cal Rb2g2]} 28. Rf2 Qa1+ 29. Qc1 Qxc1+ 30. Bxc1 {Strongly threatening Rb2.} Rxd6 $15 {[%mdl 4096] Endgame KRB-KRB} 31. Rb2 {[#] Threatening mate with Rb8+.} h5 32. Kf2 a6 33. Be3 Rc6 34. Bd2 f6 35. Rb4 Bf5 36. Rf4 Rc5 37. Ra4 Rc2 38. Ke3 Rc6 39. Kf2 Kf7 40. Ra5 Kg6 41. Rd5 Rb6 42. h4 Re6 {Threatens to win with ...Re2+.} 43. Be3 Re5 44. Rxe5 fxe5 $11 {KB-KB} 45. Bd2 Kf6 46. Bc3 Ke6 47. Ke3 Kd5 48. Kd2 g6 49. Bb2 e4 50. fxe4+ Kxe4 51. Bf6 Kf3 52. Be5 Kg4 53. Bf4 g5 54. Bxg5 Kxg3 55. Be7 {Accuracy: White = 92%, Black = 97%.} 1/2-1/2

[Event "18th Aeroflot Open-A 2020"]
[Site "Moscow"]
[Date "2020.02.25"]
[Round "7.32"]
[White "Kardashevskiy, Evgeny"]
[Black "Ivic, Velimir"]
[Result "1-0"]
[WhiteElo "2437"]
[BlackElo "2558"]
[Annotator "TA"]
[PlyCount "94"]
[EventDate "2020.02.19"]
[EventType "swiss"]
[EventCountry "RUS"]
[SourceTitle "playchess.com"]
[Source "ChessBase"]
[SourceQuality "1"]

{[%evp 15,94,17,30,24,43,41,40,29,38,24,25,37,32,24,46,48,45,55,42,60,151,140,186,183,303,186,156,164,171,180,147,105,163,158,158,127,113,60,224,237,233,230,243,172,170,173,171,182,175,176,182,174,144,147,184,162,257,264,427,427,406,412,466,454,408,412,456,257,257,257,257,257,257,239,379,370,342,308,1589,588,962]} 1. d4 Nf6 2. Nf3 g6 3. c4 Bg7 4. g3 O-O 5. Bg2 d6 6. O-O c6 7. Nc3 Bf5 8. Ne1 Be6 9. d5 {E62: King's Indian: Fianchetto: 6...c6 and Panno Variation (6...Nc6) without ...a6.} cxd5 10. cxd5 Bd7 11. Nd3 {White is slightly better.} Na6 12. h3 {was the old line (12.e4).} Qc8 13. Kh2 b5 14. a3 {[#]} Qb7 $146 ({Predecessor:} 14... Nc5 15. Nxc5 Qxc5 16. e4 b4 17. axb4 Qxb4 18. Re1 Rfc8 19. Ra3 a5 20. f4 Be8 {0-1 (75) Mason,I (2286)-Borisovs,L (2210) ICCF email 2017}) 15. e4 b4 16. axb4 Nxb4 17. e5 dxe5 (17... Nh5 $14) 18. Nxe5 $16 {Black must now prevent d6.} Rad8 19. Qb3 a5 (19... Rb8 $142 20. Bf4 Qb6 21. Nxd7 {[%mdl 64] Discovered Attack} Nxd7) 20. Rxa5 Qc7 21. Qxb4 Qxe5 22. Bf4 Qh5 23. f3 $36 {[%mdl 2048] Hoping for d6. White is on the roll.} g5 {[#]} (23... Rfe8 $16 24. Re1 g5) 24. d6 $1 $18 Rb8 25. Qa3 e5 26. Bxe5 ({Better is} 26. Rxe5 $16 h6 27. Be3) 26... Rfe8 $2 {Loses the game.} (26... Bxh3 $1 $14 27. Bxh3 g4 {[%mdl 64] Pin}) 27. Bxf6 Bxf6 28. Ne4 Qh6 29. Nxf6+ Qxf6 30. Qc3 Qxc3 31. bxc3 Re2 32. Rxg5+ Kf8 33. g4 Rbb2 34. Rg1 Red2 35. Kg3 f5 (35... Rbc2 $142 36. Rc5 Rxd6) 36. Bf1 Rb1 $2 {[#]} (36... Be6 {might work better.} 37. gxf5 Bf7) 37. Rg8+ $1 {[%mdl 576] Decoy} Kxg8 38. Bc4+ {[%mdl 64] Discovered Attack} Kg7 39. Rxb1 Rxd6 {[%mdl 4096] Endgame KRB-KRB} 40. Rb7 {Bb5 is the strong threat.} Kg6 41. Bb5 (41. Kf4 $142) 41... Bxb5 42. Rxb5 fxg4 43. hxg4 {KR-KR} ({Much less strong is} 43. Kxg4 $6 Rc6 $16) 43... Rc6 44. Rb3 h5 (44... h6 {was necessary.} 45. Kf4 h5) 45. gxh5+ Kxh5 46. Kf4 Kh4 $2 (46... Kg6 47. Ke5 Rc8) 47. Ke5 Kg3 {Accuracy: White = 83%, Black = 45%.} 1-0